10 plats emblématiques de la France - Statistiques

Statistiques générales
  • Ce quiz a été pris 351 fois
  • Le résultat moyen est 3 sur 10
Statistiques - réponses
Hint Réponse % Correct
2 Boeuf Bourguignon
78%
5 Cassoulet
53%
4 Blanquette de veau
45%
3 Pot-au-feu
38%
7 Quiche Lorraine
29%
6 Escargots
28%
10 Ratatouille
26%
8 Fondue Savoyarde
24%
1 Gratin Dauphinois
19%
9 Fondu Bourguignonne
1%
Aucun quiz correspondant
Distribution des résultats
% des personnes avec chaque résultat
Percentile par nombre de réponses
Votre historique - résultats
Vous n’avez pas pris ce quiz